000 00804nam a2200253Ia 4500
003 OSt
005 20220930194037.0
006 a|||||r|||| 00| 0
007 ta
008 220926b |||||||| |||| 00| 0 eng d
024 _a12299
037 _cDissertations
040 _aCRL
_cCRL
_beng
041 _2eng
_aeng
100 _aSiddaraju T R
_9562932
110 _aUniversity of Delhi. Faculty of Medical Sciences. Department of Medicine
245 0 _aHepatic glycogen studies in uncontrolled diabetes mellitus
260 _c1968
650 _aMEDICINE
700 _a Dr H Vaishanava Supervisor
_9562933
700 _aUniversity of Delhi. Faculty of Medical Sciences. Department of Medicine
942 _cDIS
_2CC
999 _c897252
_d897252